Länder, die nur an größere Länder grenzen - Statistiken

Allgemein
  • Dieses Quiz wurde 72 mal gespielt
  • Das Durchschnittsergebnis liegt bei 38 aus 51
Antwortstatistiken
Kontinent Land % Korrekt
Europa Liechtenstein
100%
Europa San Marino
98%
Europa Andorra
95%
Europa Luxemburg
95%
Europa Vatikanstadt
93%
Europa Estland
92%
Europa Irland
88%
Europa Portugal
88%
Afrika Eswatini
86%
Europa Kosovo
85%
Afrika Lesotho
85%
Europa Dänemark
83%
Europa Slowenien
83%
Asien Nepal
81%
Europa Moldawien
80%
Südamerika Uruguay
80%
Asien Bhutan
78%
Afrika Gambia
78%
Europa Monaco
78%
Afrika Tunesien
78%
Asien Katar
76%
Südamerika Ecuador
75%
Europa Finnland
75%
Nordamerika Haiti
75%
Südamerika Paraguay
75%
Europa Slowakei
75%
Afrika Togo
75%
Asien Kuwait
73%
Asien Libanon
73%
Südamerika Suriname
73%
Asien Armenien
71%
Nordamerika Belize
71%
Südamerika Chile
71%
Ozeanien Papua-Neuguinea
71%
Afrika Ruanda
71%
Asien Vereinigte Arabische Emirate
71%
Asien Brunei
69%
Afrika Dschibuti
69%
Nordamerika El Salvador
69%
Asien Südkorea
69%
Afrika Äquatorialguinea
68%
Nordamerika Costa Rica
64%
Asien Osttimor
61%
Asien Kambodscha
59%
Asien Bangladesch
58%
Asien Mongolei
58%
Afrika Guinea-Bissau
56%
Afrika Malawi
56%
Asien Tadschikistan
54%
Afrika Sierra Leone
51%
Afrika Simbabwe
46%
Keine übereinstimmenden Quizze gefunden
Verteilung der Resultate
Anzahl Personen mit jedem Resultat
Perzentil nach korrekt beantworteten Fragen
Ihre Resultats-Entwicklung
Sie haben dieses Quiz noch nicht gespielt